Pokémon - Les attaques de Téraclope - Statistiques

Statistiques générales
  • Ce quiz a été pris 14 fois
  • Le résultat moyen est 13 sur 19
Statistiques - réponses
Niveaux Types Noms des attaques % Correct
Niveau 24 Feu Feu Follet
100%
Départ Spectre Ombre Portée
100%
Départ Évolution Spectre Poing Ombre
100%
Niveau 42 Spectre Ball'Ombre
86%
Niveau 36 Spectre Malédiction
86%
Départ Électrique Poing Éclair
86%
Départ Feu Poing Feu
86%
Départ Glace Poing Glace
86%
Niveau 32 Spectre Châtiment
71%
Départ Spectre Étonnement
71%
Niveau 16 Spectre Ombre Nocturne
71%
Niveau 12 Spectre Onde Folie
71%
Niveau 48 Psy Prescience
57%
Niveau 28 Normal Regard Noir
57%
Niveau 20 Ténèbres Représailles
57%
Départ Normal Groz'Yeux
43%
Départ Psy Gravité
29%
Départ Normal Entrave
14%
Départ Normal Étreinte
0%
Aucun quiz correspondant
Distribution des résultats
% des personnes avec chaque résultat
Percentile par nombre de réponses
Votre historique - résultats
Vous n’avez pas pris ce quiz